000 00335nam a2200121Ia 4500
999 _c5124
_d5124
008 200103s 1949 ||||xx |||||||||||||| ||und||
082 _a621.1021
_bCALL
100 _aCallendar, G.S. and Egerton, A.C.
245 4 _aThe 1939 Callendar Steam Tables
260 _bEdward Arnold & Co.
_c1949
_aLondon
300 _a64p.
942 _cBK